| 000 | 00884cab a22001935a 4500 | ||
|---|---|---|---|
| 001 | L151048 | ||
| 008 | 100927e20100924xxk 000 0 eng d | ||
| 035 | _a(Sirsi) u151048 | ||
| 041 | 0 | _aeng | |
| 100 | 1 | _aMcMeeken, Roxane | |
| 245 | 0 | 0 |
_aDo we have to fight about it? _bcontractors' pay is down |
| 260 | _c2010 | ||
| 490 |
_aBuilding _v275 (8647) 24 September 2010, 32-35(4) |
||
| 520 | _aA look at the Hays Construction 2010 contractors' salary guide compiled for Building; drop in pay; recession; jobs and careers advice; trends; the biggest salary changes; salaries across the regions of the United Kingdom for two or more levels for quantity surveyors, planners, estimators, engineers, buyers, contract/project managers, and site managers. | ||
| 590 | _aKA | ||
| 651 | 4 |
_aUnited Kingdom _y |
|
| 690 | _aCAREERS, EDUCATION AND TRAINING-SURVEYING APPOINTMENTS | ||
| 942 | _n0 | ||
| 999 |
_c82703 _d82703 |
||